000 00521nam a22001697a 4500
005 20241122183346.0
008 241122b |||||||| |||| 00| 0 eng d
020 _a0131868462
050 _aQA152.2
_b.M366
100 _aMartin-Gay, Elayn
245 _aAlgebra/
_ba combined approach
_cElayn Martin-Gay
250 _a3rd Ed.
260 _aUpper Saddle River, New Jersey
_bPearson Prentice Hall
_c2007
300 _axxvi. various paging
_bill. some color
_c27.5cm
_eCD-ROM
650 _2Algebra
942 _2lcc
_cBK
_e3rd ed.
_n0
999 _c1488
_d1488